000
00344nam a2200157Ia 4500
003
OSt
005
20240209123417.0
008
170524s9999 xx 000 0 und d
020
_a
978-1259004995
040
_c
IIMT UNIVERSITY
100
_a
SINGH HARVINDER
100
_c
2012
245
0
_a
MALL MANAGEMENT
260
_a
TMH
942
_2
ddc
_c
01
999
_c
2767
_d
2767